Richard the third

Guardado en:
Bibliografiske detaljer
Hovedforfatter: Shakespeare, William
Format: Bog
Sprog:Undetermined
Udgivet: New York, Estados Unidos New American Library 1964
Fag:
Tags: Tilføj Tag
Ingen Tags, Vær først til at tagge denne postø!

MARC

LEADER 00000nam a2200000Ia 4500
008 170316s9999 xx 000 0 und d
040 |a cru BVZT 
090 |a 820 S-5ri 
100 |a Shakespeare, William 
245 |a Richard the third 
260 |a New York, Estados Unidos 
260 |b New American Library 
260 |c 1964 
300 |a 256 páginas 
650 |a LITERATURA INGLESA 
650 |a EN IDIOMA INGLÉS 
650 |a TRAGEDIA 
999 |c 7174  |d 7174 
942 |c 15 D  |h 820 S-5ri  |2 z